Statistics for Steelers MVP player by season

Click here to take the quiz!

General Stats

  • This quiz has been taken 718 times
    (565 since last reset)
  • The average score is 25 of 54

Answer Stats

YearPositionPlayer% Correct
2011WRAntonio Brown
96%
2015WRAntonio Brown
96%
2013WRAntonio Brown
96%
2017WRAntonio Brown
96%
2009QBBen Roethlisberger
91%
2016RBLe'Veon Bell
88%
2014RBLe'Veon Bell
88%
2019LBT .J. Watt
86%
1977QBTerry Bradshaw
85%
1978QBTerry Bradshaw
85%
1972RBFranco Harris
82%
2002WRHines Ward
76%
2003WRHines Ward
76%
2005WRHines Ward
76%
2010STroy Polamalu
76%
2000RBJerome Bettis
72%
1997RBJerome Bettis
72%
1996RBJerome Bettis
72%
2018WRJuju Smith-Schuster
70%
1970DT"Mean" Joe Greene
70%
2007LBJames Harrison
66%
2008LBJames Harrison
66%
2012TEHeath Miller
65%
1981LBJack Lambert
54%
1976LBJack Lambert
54%
1990CBRod Woodson
50%
1988CBRod Woodson
50%
1993CBRod Woodson
50%
2001QBKordell Stewart
45%
1975CBMel Blount
45%
1984WRJohn Stallworth
42%
1979WRJohn Stallworth
42%
2006RBWillie Parker
41%
2002LBJorey Porter
27%
1995QBNeil O'Donnell
25%
2005DTCasey Hampton
23%
1980SSDonnie Shell
20%
2004LBJames Farrior
20%
1983PKGary Anderson
14%
1994LBGreg Lloyd
14%
1991LBGreg Lloyd
14%
1989WRLouis Lipps
13%
1985WRLouis Lipps
13%
1992RBBarry Foster
10%
1999LBLevon Kirkland
8%
1998LBLevon Kirkland
8%
1971LBAndy Russell
7%
1974SGlen Edwards
3%
1969WRRoy Jefferson
3%
1986LBBryan Hinkle
2%
1988LBDavid Little
2%
1987LBMike Merriweather
2%
1973WRRon Shanklin
2%
1982CBDwayne Woodruff
1%

Score Distribution

Percentile by Number Answered

Percent of People with Each Score

Your Score History

You have not taken this quiz since the last reset